The chaotic universe (Record no. 13685)

MARC details
000 -LEADER
fixed length control field 00828nam a2200205Ia 4500
003 - CONTROL NUMBER IDENTIFIER
control field IN-BaIIA
008 - FIXED-LENGTH DATA ELEMENTS--GENERAL INFORMATION
fixed length control field 211028s9999 xx 000 0 eng d
020 ## - INTERNATIONAL STANDARD BOOK NUMBER
International Standard Book Number 981-02-4255-7
040 ## - CATALOGING SOURCE
Transcribing agency IIA Library
080 ## - UNIVERSAL DECIMAL CLASSIFICATION NUMBER
Universal Decimal Classification number 524
Item number GUR
111 ## - MAIN ENTRY--MEETING NAME
Meeting name or jurisdiction name as entry element ICRA Network Workshop on the Chaotic Universe
Number of part/section/meeting 2
Location of meeting Rome, Italy
Date of meeting or treaty signing 1999 Feb. 1-5
9 (RLIN) 24045
245 #4 - TITLE STATEMENT
Title The chaotic universe
Remainder of title proceedings of the second ICRA network workshop on the chaotic universe, held in Rome, Italy, 1-5 Feb 1999
Statement of responsibility, etc. edited by V. G. Gurzadyan and R. Ruffini
260 ## - PUBLICATION, DISTRIBUTION, ETC.
Place of publication, distribution, etc. Singapore
Name of publisher, distributor, etc. World Scientific
Date of publication, distribution, etc. 2000
300 ## - PHYSICAL DESCRIPTION
Extent ]xiii, 668p.
490 ## - SERIES STATEMENT
Series statement Advanced Series in Astrophysics and Cosmology, Vol. 10
650 ## - SUBJECT ADDED ENTRY--TOPICAL TERM
Topical term or geographic name entry element Universe
9 (RLIN) 1987
700 ## - ADDED ENTRY--PERSONAL NAME
Personal name Gurzadyan, V. G., ed.
9 (RLIN) 24046
700 ## - ADDED ENTRY--PERSONAL NAME
Personal name Ruffini, R., ed.
9 (RLIN) 10597
942 ## - ADDED ENTRY ELEMENTS (KOHA)
Koha item type Books
Holdings
Withdrawn status Lost status Damaged status Not for loan Home library Current library Shelving location Date acquired Total Checkouts Full call number Barcode Date last seen Price effective from Koha item type
        IIA Library-Bangalore IIA Library-Bangalore General Stacks     524/ GUR 14604 05/11/2021   Books

Powered by Koha